Представление документа в формате MARC21

ПолеНазваниеЗначение
  Тип записи a
  Библиографический уровень m
001 Контрольный номер RU/URAIT/584903
005 Дата корректировки 20260429163705.5
008 Кодируемые данные 260429s2026 RU y f j 000 0 rus u
020 Индекс ISBN __
a ISBN 978-5-534-03707-4
c Цена, тираж 1009.00
040 Источник каталогиз. __
a Служба первич. каталог. ИКО Юрайт
c Служба, преобразующая запись ИКО Юрайт
e Правила каталог. RCR
041 Код языка издания __
a Код языка текста rus
044 Код страны публикации __
a Код страны публикации RU
080 Индекс УДК __
a Индекс УДК 54(075.8)
084 Индекс другой классификации/Индекс ББК __
2 Источник индекса rubbk
a Индекс другой классификации/Индекс ББК 24.1я73
100 Автор __
a Автор Новокшанова А. Л.
q Полное имя Новокшанова Алла Львовна
245 Заглавие __
a Заглавие Органическая, биологическая и физколлоидная химия. Практикум
b Продолж. заглавия учебник для вузов
c Ответственность А. Л. Новокшанова.
250 Сведения об издании __
g испр. и доп
a Основные сведения об издании 2-е изд.
256 Характеристики компьютерного файла __
a Характеристики компьютерного файла Электрон. дан.
260 Выходные данные __
a Место издания Москва
b Издательство Юрайт
c Дата издания 2026
300 Физическое описание __
a Объем 222 с
440 Серия __
a Серия Высшее образование
500 Примечания __
a Примечание URL: https://urait.ru/bcode/584903 (дата обращения: 29.04.2026).
520 Аннотация __
a Аннотация Учебное пособие посвящено сущности биохимических процессов, происходящих в животных организмах. При освоении практикума студенты получат знания о химическом составе организма, обмене веществ и энергии, научатся устанавливать связь между структурой химических соединений и процессами их превращений в животном организме, от пути их поступления до выведения из организма в виде продуктов распада. Пособие содержит приложения, которые помогут студентам лучше освоить материалы книги.
538 Прим. о системных особенностях __
a Прим. о системных особенностях Режим доступа: Электронно-библиотечная система Юрайт, для авториз. пользователей
653 Ключевые слова __
a Ключевые слова Общая химия
653 Ключевые слова __
a Ключевые слова Естественные науки
653 Ключевые слова __
a Ключевые слова Органическая химия
653 Ключевые слова __
a Ключевые слова Органическая и биологическая химия
653 Ключевые слова __
a Ключевые слова Органическая, биологическая и физколлоидная химия
653 Ключевые слова __
a Ключевые слова Органическая и физколлоидная химия
653 Ключевые слова __
a Ключевые слова Биоорганическая химия
653 Ключевые слова __
a Ключевые слова Химия органическая
653 Ключевые слова __
a Ключевые слова Органическая, физическая и коллоидная химия
653 Ключевые слова __
a Ключевые слова Химия органическая, физическая и коллоидная
653 Ключевые слова __
a Ключевые слова Органическая и физическая коллоидная химия
653 Ключевые слова __
a Ключевые слова Основы органической химии
653 Ключевые слова __
a Ключевые слова Химия органическая и физколлоидная
653 Ключевые слова __
a Ключевые слова Органическая химия. Общие вопросы
653 Ключевые слова __
a Ключевые слова Основы биоорганической химии
653 Ключевые слова __
a Ключевые слова Теоретическая органическая химия
653 Ключевые слова __
a Ключевые слова Химия. Органическая химия
856 Электронный адрес документа 40
n Местонахождение сервера Юрайт
g Электронная книга
q Тип электронного формата html
h Имя пользователя ЮРАЙТ
v Часы доступа к ресурсу 20271231
2 Способ доступа Показать документ
x Служебное примечание https://urait.ru/book/cover/E0AFF78E-8CFC-4307-98EF-2035AD9491BC
u URL https://urait.ru/bcode/584903
856 Электронный адрес документа 48
q Тип электронного формата cover
u URL https://urait.ru/book/cover/E0AFF78E-8CFC-4307-98EF-2035AD9491BC
911 __
u 0030=https://urait.ru/bcode/584903
911 __
u 073a=9785534037074
u 073d=1009.00
911 __
u 106a=s
911 __
u 900l=
952 Тип литературы __
i Дисциплина Органическая химия
952 Тип литературы __
i Дисциплина Органическая и биологическая химия
952 Тип литературы __
i Дисциплина Органическая, биологическая и физколлоидная химия
952 Тип литературы __
i Дисциплина Органическая и физколлоидная химия
952 Тип литературы __
i Дисциплина Биоорганическая химия
952 Тип литературы __
i Дисциплина Химия органическая
952 Тип литературы __
i Дисциплина Органическая, физическая и коллоидная химия
952 Тип литературы __
i Дисциплина Химия органическая, физическая и коллоидная
952 Тип литературы __
i Дисциплина Органическая и физическая коллоидная химия
952 Тип литературы __
i Дисциплина Основы органической химии
952 Тип литературы __
i Дисциплина Химия органическая и физколлоидная
952 Тип литературы __
i Дисциплина Органическая химия. Общие вопросы
952 Тип литературы __
i Дисциплина Основы биоорганической химии
952 Тип литературы __
i Дисциплина Теоретическая органическая химия
952 Тип литературы __
i Дисциплина Химия. Органическая химия